| 000 | 00712nac a22002297a 4500 | ||
|---|---|---|---|
| 001 | BR8704311 | ||
| 003 | BR-BrBNA | ||
| 005 | 20240105120527.0 | ||
| 008 | 230509b bl.|||m| |||| 00| 0 por d | ||
| 040 |
_aBR-BrBNA _bpor _cBiblioteca Nacional de Agricultura |
||
| 072 | _aE80 | ||
| 090 | _a0336 BR8704311 | ||
| 110 | 1 |
_aCentro Nacional de Pesquisa de Soja, Londrina, PR (Brasil) _91793 |
|
| 245 | 1 | _aA soja na alimentacao | |
| 260 | 3 |
_aLondrina, PR (Brasil): _c1985. |
|
| 300 | _a28 p. | ||
| 490 |
_aDocumentos - Centro Nacional de Pesquisa de Soja (Brazil) _vno. 14 _xISSN 0101-5494 |
||
| 650 | _aSOJA | ||
| 650 | _aCULINARIA | ||
| 909 |
_a202312 _bLúcia Elande _c55 _dLúcia Elande |
||
| 942 |
_2AGRIS _n0 _cMS |
||
| 999 |
_c279965 _d279965 |
||